[Event "GER-chT WK 3 U16"]
[Site "Kiel"]
[Date "2007.05.17"]
[Round "5.1"]
[White "Doering, Julia"]
[Black "Dietrich, Stefan"]
[Result "1-0"]
[WhiteElo "1375"]
[BlackElo "1324"]
[PlyCount "53"]
[EventDate "2007.05.17"]
[EventType "team-swiss"]
[EventRounds "7"]
[EventCountry "GER"]
[SourceTitle "EXT 2008"]
[Source "ChessBase"]
[SourceDate "2007.11.25"]
[SourceVersion "1"]
[SourceVersionDate "2007.11.25"]
[SourceQuality "1"]

1. e4 c5 2. Nf3 d6 3. d4 cxd4 4. Nxd4 Nf6 5. Nc3 a6 6. Be3 e5 7. Nb3 Nc6 8. f3 Be7 9. Be2 0-0 10. 0-0 b5 11. a3 Bb7 12. Qd2 Rc8 13. Rad1 Qc7 14. Qe1 Rfd8 15. Qg3 Nh5 16. Qg4 Nf6 17. Qg3 Bf8 18. Bg5 Be7 19. Bxf6 Bxf6 20. Nd5 Nd4 21. Nxf6+ Kh8 22. Nxd4 exd4 23. Nh5 g6 24. Nf4 Qc5 25. Bd3 d5 26. e5 Re8 27. Rde1 1-0

[Event "GER-ch U14 Girls"]
[Site "Willingen"]
[Date "2005.05.19"]
[Round "7"]
[White "Mijatovic, Andrea"]
[Black "Doering, Julia"]
[Result "1-0"]
[WhiteElo "1551"]
[BlackElo "1454"]
[PlyCount "103"]
[EventDate "2005.05.14"]
[EventType "swiss"]
[EventRounds "9"]
[EventCountry "GER"]
[SourceTitle "CBM 106 Extra"]
[Source "ChessBase"]
[SourceDate "2005.07.01"]
[SourceVersion "1"]
[SourceVersionDate "2005.07.01"]
[SourceQuality "1"]

1. e4 c5 2. Nf3 Nc6 3. d4 cxd4 4. Nxd4 Nf6 5. Nc3 g6 6. Be2 Bg7 7. Be3 d6 8. 0-0 0-0 9. Kh1 a6 10. f4 Qb6 11. Nxc6 Qxc6 12. Bf3 Qc7 13. Rb1 Rd8 14. Na4 Nd7 15. Bg4 Nc5 16. Nxc5 dxc5 17. Qe2 Bxg4 18. Qxg4 Rd7 19. e5 e6 20. Qf3 Rad8 21. Qf2 Qc6 22. c3 c4 23. Bb6 Re8 24. Bc5 Rd3 25. Bd6 Bf8 26. Bxf8 Rxf8 27. Rfd1 Rfd8 28. Qe2 b5 29. Kg1 Kf8 30. Rxd3 Rxd3 31. Rd1 Rxd1+ 32. Qxd1 Qd5 33. Qxd5 exd5 34. Kf2 Ke7 35. Ke3 Kd7 36. Kd4 Kc6 37. g4 a5 38. a3 h5 39. gxh5 gxh5 40. h4 a4 41. f5 f6 42. exf6 Kd6 43. f7 Ke7 44. Kxd5 Kxf7 45. Ke5 Ke7 46. f6+ Kf7 47. Kf5 Kf8 48. Kg6 Kg8 49. Kxh5 Kf7 50. Kg5 Kg8 51. Kg6 Kf8 52. f7 1-0

[Event "GER-ch U14 Girls"]
[Site "Willingen"]
[Date "2005.05.17"]
[Round "6"]
[White "Karmann, Anna"]
[Black "Doering, Julia"]
[Result "1-0"]
[WhiteElo "1639"]
[BlackElo "1454"]
[PlyCount "101"]
[EventDate "2005.05.14"]
[EventType "swiss"]
[EventRounds "9"]
[EventCountry "GER"]
[SourceTitle "CBM 106 Extra"]
[Source "ChessBase"]
[SourceDate "2005.07.01"]
[SourceVersion "1"]
[SourceVersionDate "2005.07.01"]
[SourceQuality "1"]

1. c4 Nf6 2. Nc3 e5 3. g3 Bb4 4. Nd5 Nxd5 5. cxd5 0-0 6. Bg2 d6 7. Nf3 Bf5 8. Qb3 Bc5 9. d3 Bb6 10. 0-0 Qd7 11. a4 a5 12. Be3 Ra6 13. Rfc1 Bxe3 14. fxe3 Rb6 15. Qc3 Rc8 16. Nd2 Ra6 17. Nc4 b6 18. Qb3 Bh3 19. Bf3 Qd8 20. Na3 Ra8 21. Nb5 Na6 22. d4 exd4 23. exd4 Qg5 24. Rc3 h5 25. Bg2 Bxg2 26. Kxg2 Qf5 27. Rac1 Qe4+ 28. Kf2 Qe7 29. Rf3 g5 30. Qd3 Qd7 31. Qf5 Qe7 32. e4 Rd8 33. Kg2 Rf8 34. h4 f6 35. Qg6+ Qg7 36. Qxg7+ Kxg7 37. Nxc7 Nxc7 38. Rxc7+ Kg6 39. hxg5 Kxg5 40. Rf5+ Kg6 41. Rc6 Rae8 42. Kf3 Rd8 43. Rxb6 Rf7 44. Rb5 Ra7 45. Ke3 Ra6 46. Rf1 Kg5 47. Rb7 Kg6 48. Rc1 f5 49. Rc6 Raa8 50. e5 f4+ 51. Kxf4 1-0

[Event "GER-ch U14 Girls"]
[Site "Willingen"]
[Date "2005.05.15"]
[Round "1"]
[White "Doering, Julia"]
[Black "Lorenz, Nicole"]
[Result "1/2-1/2"]
[WhiteElo "1454"]
[BlackElo "1761"]
[PlyCount "87"]
[EventDate "2005.05.14"]
[EventType "swiss"]
[EventRounds "9"]
[EventCountry "GER"]
[SourceTitle "CBM 106 Extra"]
[Source "ChessBase"]
[SourceDate "2005.07.01"]
[SourceVersion "1"]
[SourceVersionDate "2005.07.01"]
[SourceQuality "1"]

1. e4 c6 2. d4 d5 3. e5 Bf5 4. Bd3 Bxd3 5. Qxd3 e6 6. Nf3 Nd7 7. c3 Qc7 8. Be3 Nb6 9. Nbd2 f6 10. Bf4 Nd7 11. Bg3 fxe5 12. Nxe5 Nxe5 13. Bxe5 Bd6 14. f4 Bxe5 15. fxe5 Ne7 16. Rf1 Nf5 17. g4 Nh6 18. Qg3 0-0-0 19. 0-0-0 Rhf8 20. h3 Qe7 21. Qd3 g6 22. Nf3 Rf7 23. Rf2 Rdf8 24. Rdf1 Rf4 25. Qe3 Ng8 26. Nd2 Rxf2 27. Rxf2 h5 28. Rxf8+ Qxf8 29. gxh5 gxh5 30. Qg5 Qf7 31. h4 Kd7 32. b3 Ne7 33. Qg3 Nf5 34. Qf4 Qg7 35. Kd1 Qg2 36. Qf3 Qg1+ 37. Nf1 Ne3+ 38. Ke2 Nxf1 39. Qf7+ Kd8 40. Qf8+ Kd7 41. Qf7+ Kd8 42. Qf8+ Kc7 43. Qe7+ Kb6 44. Qc5+ 1/2-1/2

[Event "GER-ch U12"]
[Site "Willingen"]
[Date "2004.06.01"]
[Round "6"]
[White "Voelsgen, Georg"]
[Black "Doering, Julia"]
[Result "1-0"]
[WhiteElo "1456"]
[BlackElo "1321"]
[PlyCount "137"]
[EventDate "2004.06.??"]
[EventType "swiss"]
[EventRounds "11"]
[EventCountry "GER"]
[SourceTitle "EXT 2005"]
[Source "ChessBase"]
[SourceDate "2004.11.15"]
[SourceVersion "1"]
[SourceVersionDate "2004.11.15"]
[SourceQuality "1"]

1. e4 c5 2. Nf3 d6 3. d4 cxd4 4. Nxd4 Nf6 5. Nc3 g6 6. Be2 Bg7 7. 0-0 0-0 8. Be3 Nc6 9. f4 Bd7 10. h3 a6 11. Nb3 Rc8 12. Rb1 b5 13. a3 Na5 14. Nxa5 Qxa5 15. g4 Qc7 16. g5 Ne8 17. Nd5 Qd8 18. Bb6 Nc7 19. Bxc7 Rxc7 20. Nxc7 Qxc7 21. Kg2 Rc8 22. c3 Qc5 23. Qd3 Qc6 24. Bg4 Bxg4 25. hxg4 Qc5 26. Rh1 Rd8 27. Rh2 d5 28. Rbh1 Qc4 29. Qxc4 dxc4 30. Kf3 Rd3+ 31. Kf2 Rd2+ 32. Ke3 Rd3+ 33. Ke2 Rg3 34. Rf2 Rd3 35. Rf3 Rd8 36. Rfh3 Rd7 37. Rxh7 Rd3 38. R7h3 Rd8 39. Rd1 Re8 40. Rd7 Kf8 41. Ra7 Rd8 42. Rxa6 Rb8 43. f5 gxf5 44. gxf5 Be5 45. f6 exf6 46. Rh8+ Ke7 47. gxf6+ Kd7 48. Rxb8 Bxb8 49. Rb6 Be5 50. Rxb5 Bxf6 51. Rb4 Kc7 52. Rxc4+ Kb7 53. Kd3 Kb6 54. Rb4+ Ka6 55. b3 Be7 56. Ra4+ Kb6 57. c4 f6 58. b4 Bf8 59. c5+ Kb7 60. Kc4 Bh6 61. b5 Bf4 62. c6+ Kb8 63. b6 Be5 64. b7 Kc7 65. Ra8 Kxc6 66. b8Q Bxb8 67. Rxb8 Kc7 68. Rf8 Kd7 69. Rxf6 1-0

[Event "GER-ch U12"]
[Site "Willingen"]
[Date "2003.06.14"]
[Round "11"]
[White "Doering, Julia"]
[Black "Mertens, Pauline"]
[Result "1/2-1/2"]
[WhiteElo "1257"]
[BlackElo "1353"]
[PlyCount "133"]
[EventDate "2003.06.08"]
[EventType "swiss"]
[EventRounds "11"]
[EventCountry "GER"]
[SourceTitle "CBM 094 Extra"]
[Source "ChessBase"]
[SourceDate "2003.07.09"]
[SourceVersion "2"]
[SourceVersionDate "2003.07.09"]
[SourceQuality "1"]

1. e4 c5 2. Nf3 d6 3. d4 cxd4 4. Nxd4 Nf6 5. Nc3 a6 6. Be3 e5 7. Nf3 Be6 8. Bd3 Be7 9. 0-0 0-0 10. Qd2 Nbd7 11. Rad1 Qc7 12. Rfe1 d5 13. exd5 Nxd5 14. Ra1 Nxc3 15. bxc3 Nf6 16. Bg5 Rac8 17. Nxe5 Qxc3 18. Nf3 Qxd2 19. Bxd2 b5 20. Ng5 Rc6 21. Nxe6 Rxe6 22. Bf5 Rxe1+ 23. Rxe1 Bd6 24. Bd3 Rc8 25. Be3 Bb4 26. Rd1 Nd5 27. Bd4 Nf4 28. Be4 Ne2+ 29. Kf1 Nxd4 30. Rxd4 Rc4 31. Rxc4 bxc4 32. Ke2 c3 33. Kd3 a5 34. Kc4 h6 35. Kb3 Kf8 36. Bc6 Ke7 37. a3 Bc5 38. a4 Bb4 39. Kc4 Kd6 40. Bb5 Ke5 41. Kd3 Kf4 42. Ke2 h5 43. h3 h4 44. Be8 f6 45. Bh5 g5 46. Bf3 f5 47. Bh5 g4 48. Kf1 Kg5 49. Bf7 Kf4 50. Bd5 g3 51. f3 Ke5 52. Bb3 f4 53. Ke1 Kd4 54. Ke2 Bc5 55. Ba2 Bb4 56. Bb3 Ba3 57. Ba2 Bc1 58. Bg8 Bd2 59. Bf7 Bc1 60. Bg8 Bb2 61. Bf7 Bc1 62. Bg8 Be3 63. Bf7 Bf2 64. Bg8 Be3 65. Bf7 Bd2 66. Bg8 Be3 67. Bf7 1/2-1/2

[Event "GER-ch U12"]
[Site "Willingen"]
[Date "2003.06.09"]
[Round "4"]
[White "Zikeli, Julia"]
[Black "Doering, Julia"]
[Result "0-1"]
[WhiteElo "1420"]
[BlackElo "1257"]
[PlyCount "68"]
[EventDate "2003.06.08"]
[EventType "swiss"]
[EventRounds "11"]
[EventCountry "GER"]
[SourceTitle "CBM 094 Extra"]
[Source "ChessBase"]
[SourceDate "2003.07.09"]
[SourceVersion "2"]
[SourceVersionDate "2003.07.09"]
[SourceQuality "1"]

1. e4 c5 2. Nf3 d6 3. d4 cxd4 4. Nxd4 Nf6 5. Nc3 g6 6. Be3 Bg7 7. f3 Bd7 8. Bc4 0-0 9. Qd2 Qc7 10. Bb3 Rc8 11. 0-0-0 Nc6 12. h4 Ne5 13. g4 Nc4 14. Bxc4 Qxc4 15. h5 b5 16. Kb1 b4 17. Nce2 a5 18. hxg6 fxg6 19. Bh6 Bh8 20. Qd3 Qc7 21. Qb3+ Qc4 22. Qxc4+ Rxc4 23. Rh2 a4 24. Rd3 e5 25. Nf5 gxf5 26. gxf5 Rc6 27. f4 exf4 28. Nxf4 Nxe4 29. Rg2+ Kf7 30. Rd5 Rac8 31. Re2 Nf6 32. Red2 b3 33. axb3 axb3 34. c3 Nxd5 0-1